The digestive system: basic science and clinical conditions. (2nd ed.) (Record no. 63791)

MARC details
000 -LEADER
fixed length control field 01779nam a2200265 a 4500
008 - FIXED-LENGTH DATA ELEMENTS--GENERAL INFORMATION
fixed length control field 130516s2010 ||||||||||||||||| || u
020 ## - INTERNATIONAL STANDARD BOOK NUMBER
International Standard Book Number 9780702033674
050 ## - LIBRARY OF CONGRESS CALL NUMBER
Classification number QP 145 SMI
100 ## - MAIN ENTRY--PERSONAL NAME
Personal name Morton, Dion G
245 14 - TITLE STATEMENT
Title The digestive system: basic science and clinical conditions. (2nd ed.)
Statement of responsibility, etc. by Margaret E. Smith and Dion G. Morton
250 ## - EDITION STATEMENT
Edition statement 2nd ed.
260 ## - PUBLICATION, DISTRIBUTION, ETC.
Place of publication, distribution, etc. Edinburgh, London
Name of publisher, distributor, etc. Churchill Livingstone/Elsevier
Date of publication, distribution, etc. 2010
300 ## - PHYSICAL DESCRIPTION
Extent 217p.: ill.
350 ## -
-- 42.95
650 ## - SUBJECT ADDED ENTRY--TOPICAL TERM
Topical term or geographic name entry element DIAGNOSTIC TECHNIQUES, DIGESTIVE SYSTEM
650 ## - SUBJECT ADDED ENTRY--TOPICAL TERM
Topical term or geographic name entry element DIGESTIVE ORGANS
650 ## - SUBJECT ADDED ENTRY--TOPICAL TERM
Topical term or geographic name entry element DIGESTIVE SYSTEM DISEASES--DIAGNOSIS
700 ## - ADDED ENTRY--PERSONAL NAME
Personal name Smith, Margaret E
995 ## -
-- MEDICAL LIBRARY OPEN ACCESS
-- 903460
-- CBU-SCHOOL OF MEDICINE LIBRARY (Ndola)
-- 42.95
-- QP 145 SMI
-- 6
-- AVAILABLE
-- Apr 12, 2016
-- 903460
-- Medical Library Open Access Collection
995 ## -
-- MICHAEL CHILUFYA SATA OPEN ACCESS
-- 42.95
-- 902047
-- CBU-SCHOOL OF MEDICINE LIBRARY (Ndola)
-- QP 145 SMI
-- 1
-- AVAILABLE
-- May 21, 2013
-- 902047
-- Medical Library Open Access Collection
995 ## -
-- MICHAEL CHILUFYA SATA OPEN ACCESS
-- 902626
-- CBU-SCHOOL OF MEDICINE LIBRARY (Ndola)
-- 42.95
-- QP 145 SMI
-- 4
-- AVAILABLE
-- Feb 16, 2015
-- 902626
-- Medical Library Open Access Collection
995 ## -
-- MEDICAL LIBRARY OPEN ACCESS
-- 902627
-- CBU-SCHOOL OF MEDICINE LIBRARY (Ndola)
-- 42.95
-- QP 145 SMI
-- 5
-- AVAILABLE
-- Feb 16, 2015
-- 902627
-- Medical Library Open Access Collection
995 ## -
-- MICHAEL CHILUFYA SATA OPEN ACCESS
-- 902169
-- CBU-SCHOOL OF MEDICINE LIBRARY (Ndola)
-- QP 145 SMI
-- 2
-- AVAILABLE
-- Aug 21, 2013
-- 902169
-- Medical Library Open Access Collection
995 ## -
-- MEDICAL LIBRARY OPEN ACCESS
-- 902625
-- CBU-SCHOOL OF MEDICINE LIBRARY (Ndola)
-- 42.95
-- QP 145 SMI
-- 3
-- AVAILABLE
-- Feb 16, 2015
-- 902625
-- Medical Library Open Access Collection
999 ## -
-- 63791
-- 63791
Holdings
Withdrawn status Lost status Source of classification or shelving scheme Damaged status Not for loan Permanent Location Current Location Shelving location Date acquired Total Checkouts Full call number Barcode Date last seen Copy number Price effective from Koha item type
          CBU-MICHAEL CHILUFYA SATA LIBRARY CBU-MICHAEL CHILUFYA SATA LIBRARY   02/01/2023   QP 145 SMI 902626 02/01/2023 3 02/01/2023 MONOGRAPH
          CBU-MICHAEL CHILUFYA SATA LIBRARY CBU-MICHAEL CHILUFYA SATA LIBRARY   02/01/2023   QP 145 SMI 902169 02/01/2023 5 02/01/2023 MONOGRAPH
          CBU-SCHOOL OF MEDICINE LIBRARY, NDOLA. CBU-SCHOOL OF MEDICINE LIBRARY, NDOLA.   02/01/2023   QP 145 SMI 903460 02/01/2023 1 02/01/2023 MONOGRAPH
          CBU-MICHAEL CHILUFYA SATA LIBRARY CBU-SCHOOL OF MEDICINE LIBRARY, NDOLA.   02/01/2023   QP 145 SMI 902047 04/23/2025 2 02/01/2023 MONOGRAPH
          CBU-SCHOOL OF MEDICINE LIBRARY, NDOLA. CBU-SCHOOL OF MEDICINE LIBRARY, NDOLA.   02/01/2023   QP 145 SMI 902627 02/01/2023 4 02/01/2023 MONOGRAPH
          CBU-SCHOOL OF MEDICINE LIBRARY, NDOLA. CBU-SCHOOL OF MEDICINE LIBRARY, NDOLA.   02/01/2023   QP 145 SMI 902625 02/01/2023 6 02/01/2023 MONOGRAPH